Sobrecriminalización : (Registro nro. 172588)
[ vista simple ]
| 000 -LEADER | |
|---|---|
| fixed length control field | 01326nam a22003611 4500 |
| 001 - CONTROL NUMBER | |
| control field | bslw10044261 |
| 006 - FIXED-LENGTH DATA ELEMENTS--ADDITIONAL MATERIAL CHARACTERISTICS--GENERAL INFORMATION | |
| fixed length control field | m o d |
| 007 - PHYSICAL DESCRIPTION FIXED FIELD--GENERAL INFORMATION | |
| fixed length control field | cr un ---uuuua |
| 008 - FIXED-LENGTH DATA ELEMENTS--GENERAL INFORMATION | |
| fixed length control field | 230412s2013 sp ob 001 0 spa d |
| 020 ## - INTERNATIONAL STANDARD BOOK NUMBER | |
| International Standard Book Number | 9788413810799 |
| 035 ## - | |
| -- | 38181 |
| 040 ## - CATALOGING SOURCE | |
| Original cataloging agency | UtOrBLW |
| Language of cataloging | eng |
| Description conventions | rda |
| Transcribing agency | UtOrBLW |
| 041 1# - | |
| -- | spa |
| -- | eng |
| 050 #4 - | |
| -- | K5015.4 |
| -- | .H87 2013 |
| 082 04 - | |
| -- | 345 |
| -- | 23 |
| 100 1# - MAIN ENTRY--PERSONAL NAME | |
| Personal name | Husak, Douglas N., |
| Dates associated with a name | 1948- |
| Relator term | author. |
| 240 10 - | |
| -- | Overcriminalization. |
| -- | Spanish |
| 245 10 - TITLE STATEMENT | |
| Title | Sobrecriminalización : |
| Remainder of title | los límites del derecho penal / |
| Statement of responsibility, etc | Douglas Husak ; traducción e introducción de Rocío Lorce Ferreccio. |
| 264 #1 - | |
| -- | Madrid : |
| -- | Marcial Pons, |
| -- | 2013. |
| 300 ## - PHYSICAL DESCRIPTION | |
| Extent | 1 online resource (334 pages) |
| 336 ## - | |
| -- | text |
| -- | txt |
| -- | rdacontent |
| 337 ## - | |
| -- | computer |
| -- | c |
| -- | rdamedia |
| 338 ## - | |
| -- | online resource |
| -- | cr |
| -- | rdacarrier |
| 490 1# - SERIES STATEMENT | |
| Series statement | Colección Derecho penal y criminología |
| 504 ## - BIBLIOGRAPHY, ETC. NOTE | |
| Bibliography, etc | Includes bibliographical references and index. |
| 500 ## - GENERAL NOTE | |
| General note | Título original: Overcriminalization. Oxford : Oxford University Press, 2008. |
| 650 #0 - SUBJECT ADDED ENTRY--TOPICAL TERM | |
| Topical term or geographic name as entry element | Criminal law. |
| 700 1# - ADDED ENTRY--PERSONAL NAME | |
| Personal name | Lorce Ferreccio, Rocío, |
| Relator term | writer of introduction, |
| -- | translator. |
| 830 #0 - | |
| -- | Derecho penal y criminología (Marcial Pons (Firm)) |
| 856 40 - LOCALIZACIÓN Y ACCESO ELECTRÓNICO | |
| Identificador Uniforme del Recurso (URI/URL) | https://app.vlex.com/#/sources/38181 |
| 942 ## - | |
| -- | RAA |
| 999 ## - | |
| -- | 172588 |
| -- | 172588 |
No hay ítems disponibles.